000 00813pam a2200253 a 4500
001 4945249
005 20251113180113.0
008 960301s1997 njua 001 0 eng
020 _a0132435020
020 _a9780132435024
050 0 0 _aTK7871.85
_b.P393 1997
082 0 0 _a621.3815
_220
100 1 _aPaynter, Robert T.
245 1 0 _aIntroductory electronic devices and circuits :
_bconventional flow version /
_cRobert T. Paynter.
250 _a4th ed.
260 _aUpper Saddle River, NJ :
_bPrentice Hall,
_cc1997.
300 _axxiv, 1025 p. :
_bill. (some col.) ;
_c28 cm.
500 _aIncludes index.
650 0 _aSolid state electronics.
650 0 _aElectronic apparatus and appliances.
650 0 _aElectronic circuits.
650 0 _aTransistor amplifiers.
942 _2lcc
_cBK
_e4th ed.
_n0
999 _c8257
_d8257